| 000 | 01198cam a22002895a 4500 | ||
|---|---|---|---|
| 003 | EG-ScBUE | ||
| 005 | 20220518110607.0 | ||
| 008 | 101122s2005 enka f 000 0 eng d | ||
| 020 | _a0582825288 | ||
| 020 | _a9780582825284 | ||
| 040 |
_aEG-ScBUE _beng _erda _cEG-ScBUE _dEG-ScBUE |
||
| 082 | 0 | 4 |
_a428.24 _bCOM _222 |
| 100 | 1 |
_aComyns Carr, Jane, _eauthor. _914285 |
|
| 245 | 1 | 0 |
_aNew cutting edge. _pUpper intermediate. _pWorkbook / _cJane Comyns Carr, Frances Eales. |
| 264 | 1 |
_aHarlow, England : _bPearson Education Limited, _c2005. |
|
| 300 |
_a111 pages : _billustrations ; _c29 cm |
||
| 336 |
_2rdacontent _atext _btxt |
||
| 337 |
_2rdamedia _aunmediated _bn |
||
| 338 |
_2rdacarrier _avolume _bnc |
||
| 520 | _aThis course translates the theory of task-based learning into a practical and user-friendly coursebook, recognizing that the performance of regular spoken and written tasks is crucial to successful language acquisition. | ||
| 650 | 7 |
_aEnglish language _vTextbooks for foreign speakers. _2BUEsh _913993 |
|
| 651 | _2BUEsh | ||
| 653 |
_bHHUUEENN _cAugust2015 _cDecember2018 _cJuly2019 |
||
| 655 |
_vReading book _934232 |
||
| 700 | 1 |
_aEales, Frances, _eauthor. _99991 |
|
| 942 |
_2ddc _cBB |
||
| 999 |
_c14840 _d14840 |
||